[Event "Irish International Open 2019"]
[Site "Dublin IRL"]
[Date "2019.04.19"]
[Round "4.42"]
[White "Robinson, Nette"]
[Black "Moran, Hugh"]
[Result "0-1"]
[WhiteElo "1343"]
[BlackElo "1522"]
[BlackICU "1571"]
[BlackClub "Gonzaga"]
[WhiteNationality "ENG"]
[BlackNationality "IRL"]
[WhiteFideId "441996"]
[BlackFideId "2511100"]
[PlyCount "98"]
[EventDate "2019.04.17"]
[HashCode "601e5116"]

{ Event information: <a
href="http://www.irlchess.com/irishopen2019_allfiles/pairings_irishopen2019.html">Tournament
report</a>. }

1. Nf3 Nf6 2. g3 d6 3. d4 Nbd7 4. Bg2 e5 5. dxe5 dxe5 6. Bg5 Be7 7. Nbd2 h6
8. Bxf6 Bxf6 9. e4 O-O 10. O-O Nb6 11. c3 Qe7 12. Qc2 Be6 13. b3 a5 14.
Rfe1 Rfd8 15. Rac1 a4 16. c4 axb3 17. axb3 Nd7 18. c5 Nb8 19. b4 Nc6 20.
Qc3 Nd4 21. Qb2 Ra2 22. Qc3 Nb5 23. Qe3 Ra3 24. Qe2 Nd4 25. Qf1 Nxf3+ 26.
Nxf3 Bg4 27. Qe2 Rdd3 28. Ra1 Bxf3 29. Bxf3 Rxf3 30. Rad1 Rfb3 31. Qc4 Rc3
32. Qb5 c6 33. Qe2 Rab3 34. Qg4 Rd3 35. Ra1 Qd7 36. Ra8+ Kh7 37. Qh5 Rxb4
38. Rf8 g6 39. Qe2 Kg7 40. Rb8 Rbd4 41. Qa2 Rd1 42. Rxd1 Rxd1+ 43. Kg2 Rd2
44. Qa8 Qd4 45. Rg8+ Kh7 46. Kh3 Qxf2 47. Rxg6 Qxh2+ 48. Kg4 h5+ 49. Kf5
Qf2# 0-1

[Event "Irish International Open 2019"]
[Site "Dublin IRL"]
[Date "2019.04.19"]
[Round "4.43"]
[White "Wang, Eric"]
[Black "Whelan, Niall P."]
[Result "0-1"]
[WhiteElo "1268"]
[BlackElo "1620"]
[WhiteICU "1115"]
[BlackICU "1373"]
[WhiteClub "St. Benildus"]
[BlackClub "Rathmines"]
[WhiteNationality "IRL"]
[BlackNationality "IRL"]
[WhiteFideId "2511320"]
[BlackFideId "2500809"]
[PlyCount "136"]
[EventDate "2019.04.17"]
[HashCode "875a2c3b"]

{ Event information: <a
href="http://www.irlchess.com/irishopen2019_allfiles/pairings_irishopen2019.html">Tournament
report</a>. }

1. e4 c5 2. Nf3 e6 3. d4 cxd4 4. Nxd4 a6 5. Nc3 Qc7 6. Bd2 b5 7. Bd3 Nf6 8.
a3 Be7 9. Qe2 d6 10. Bg5 Bb7 11. f4 Nbd7 12. Bxf6 Bxf6 13. Qf2 Nc5 14. Nde2
O-O 15. O-O Bc6 16. Qe3 Nxd3 17. cxd3 Qa7 18. Qxa7 Rxa7 19. d4 Rd7 20. Rad1
d5 21. e5 Be7 22. b4 Ra8 23. Rb1 Rb7 24. Rb3 Bd7 25. Rc1 Bd8 26. g3 Rba7
27. Rcb1 Rc7 28. Kf2 Rc4 29. R1b2 g5 30. Rb1 f5 31. Rf1 g4 32. Rfb1 Kf7 33.
Ke3 Bb6 34. Kd3 Rg8 35. Rg1 Bd8 36. Rg2 Bc7 37. Rg1 Rb8 38. Rgb1 Bb6 39.
Rg1 h5 40. Rg2 Rh8 41. Rg1 Rcc8 42. Rb2 Rh7 43. Rg2 Rch8 44. Rc2 h4 45. Ke3
hxg3 46. Nxg3 Rc8 47. Kd3 Rc4 48. Nge2 Rh3+ 49. Rg3 Rxh2 50. Ke3 Bd8 51.
Rg1 Bh4 52. Rf1 Rh3+ 53. Kd2 Rh2 54. Ke3 g3 55. Rcc1 g2 56. Rg1 Rc8 57. Ra1
Rg8 58. Nd1 Rh3+ 59. Kd2 Rf3 60. Kc2 Rf1 61. Kd2 Be8 62. Ne3 Rxa1 63. Rxa1
Bf2 64. Ng1 Ke7 65. Ke2 Bh4 66. Nf3 Bh5 67. Rg1 Rg3 68. Nxg2 Bxf3+ 0-1

[Event "Irish International Open 2019"]
[Site "Dublin IRL"]
[Date "2019.04.19"]
[Round "4.44"]
[White "Harrington, Eoin"]
[Black "O'Connell, Michael Joseph"]
[Result "1-0"]
[WhiteElo "1585"]
[BlackElo "1508"]
[WhiteICU "1153"]
[BlackICU "1235"]
[WhiteClub "Ballyroan C.C."]
[BlackClub "Curragh"]
[WhiteNationality "IRL"]
[BlackNationality "IRL"]
[WhiteFideId "2513196"]
[BlackFideId "2507676"]
[PlyCount "83"]
[EventDate "2019.04.17"]
[HashCode "4f3868e6"]

{ Event information: <a
href="http://www.irlchess.com/irishopen2019_allfiles/pairings_irishopen2019.html">Tournament
report</a>. }

1. e4 Nc6 2. d4 e5 3. dxe5 Nxe5 4. f4 Ng6 5. Nf3 Bc5 6. Bc4 d6 7. f5 Ne5 8.
Bb3 Nf6 9. Nxe5 dxe5 10. Qe2 O-O 11. Be3 Nxe4 12. O-O Bxe3+ 13. Qxe3 Qd4
14. Qxd4 exd4 15. Rf4 Nf6 16. Nd2 Re8 17. Nf3 c5 18. a4 a5 19. g4 Re4 20.
Rxe4 Nxe4 21. Re1 Nd6 22. Ng5 c4 23. Ne4 Nxe4 24. Rxe4 Bxf5 25. gxf5 cxb3
26. cxb3 Rd8 27. Kf2 d3 28. Ke1 Kf8 29. Kd2 f6 30. b4 Rd5 31. bxa5 Rxa5 32.
Kxd3 Rxf5 33. h4 h6 34. Rb4 h5 35. Rxb7 g5 36. b4 g4 37. a5 g3 38. a6 g2
39. a7 Re5 40. a8=Q+ Re8 41. Qxe8+ Kxe8 42. Rg7 1-0

[Event "Irish International Open 2019"]
[Site "Dublin IRL"]
[Date "2019.04.19"]
[Round "4.46"]
[White "Pitkeathly, Hamish"]
[Black "Doyle, Peter"]
[Result "1-0"]
[WhiteElo "1511"]
[BlackElo "1420"]
[BlackICU "1219"]
[BlackClub "Cork"]
[WhiteNationality "ENG"]
[BlackNationality "IRL"]
[WhiteFideId "426768"]
[BlackFideId "2510219"]
[PlyCount "43"]
[EventDate "2019.04.17"]
[HashCode "243aeed1"]

{ Event information: <a
href="http://www.irlchess.com/irishopen2019_allfiles/pairings_irishopen2019.html">Tournament
report</a>. }

1. e4 c5 2. Nf3 Nc6 3. d4 cxd4 4. Nxd4 Nf6 5. Nc3 d6 6. Be2 e6 7. Be3 a6 8.
Qd2 Be7 9. O-O O-O 10. Rad1 Qc7 11. f4 e5 12. fxe5 dxe5 13. Nf5 Rd8 14.
Nxe7+ Qxe7 15. Nd5 Nxd5 16. exd5 Be6 17. c4 Rd7 18. Qe1 Nb4 19. dxe6 Rxd1
20. exf7+ Kf8 21. Qxd1 Rd8 22. Qxd8+ 1-0

[Event "Irish International Open 2019"]
[Site "Dublin IRL"]
[Date "2019.04.20"]
[Round "5.1"]
[White "Ruck, Robert"]
[Black "Saric, Ante"]
[Result "1/2-1/2"]
[WhiteTitle "GM"]
[BlackTitle "GM"]
[WhiteElo "2522"]
[BlackElo "2530"]
[WhiteNationality "HUN"]
[BlackNationality "CRO"]
[WhiteFideId "705713"]
[BlackFideId "14506254"]
[PlyCount "35"]
[EventDate "2019.04.17"]
[BlackFullName "&#352;ari&#263;, Ante"]
[ICUid "50177"]
[HashCode "1f9d43e1"]

{ Event information: <a
href="http://www.irlchess.com/irishopen2019_allfiles/pairings_irishopen2019.html">Tournament
report</a>. }

1. Nf3 Nf6 2. g3 d5 3. Bg2 c6 4. O-O Bg4 5. b3 Nbd7 6. Bb2 e6 7. c4 Bd6 8.
d4 O-O 9. Nbd2 Qe7 10. a3 h6 11. b4 a5 12. c5 Bc7 13. Bc3 e5 14. dxe5 Nxe5
15. Nd4 Rfe8 16. Qc2 Ng6 17. Qb2 Ne4 18. Nxe4 1/2-1/2

[Event "Irish International Open 2019"]
[Site "Dublin IRL"]
[Date "2019.04.20"]
[Round "5.2"]
[White "Larino Nieto, David"]
[Black "Jovanic, Ognjen"]
[Result "0-1"]
[WhiteTitle "GM"]
[BlackTitle "GM"]
[WhiteElo "2434"]
[BlackElo "2515"]
[WhiteNationality "ESP"]
[BlackNationality "CRO"]
[WhiteFideId "2256444"]
[BlackFideId "14504081"]
[PlyCount "90"]
[EventDate "2019.04.17"]
[WhiteFullName "Lari&ntilde;o Nieto, David"]
[BlackFullName "Jovani&#263;, Ognjen"]
[ICUid "50178"]
[HashCode "548632a6"]

{ Event information: <a
href="http://www.irlchess.com/irishopen2019_allfiles/pairings_irishopen2019.html">Tournament
report</a>. }

1. Nf3 d5 2. b3 Bf5 3. Bb2 e6 4. d3 h6 5. g3 Nf6 6. Bg2 Be7 7. O-O O-O 8.
Nbd2 c6 9. Re1 Bh7 10. e4 a5 11. a4 Na6 12. e5 Nd7 13. Nd4 c5 14. Nb5 Nb4
15. f4 Rc8 16. Re2 Nb6 17. Nf1 Qd7 18. Ne3 Rfd8 19. Rd2 Na8 20. h4 Nc7 21.
Nxc7 Qxc7 22. Qf3 Qb6 23. f5 c4 24. f6 gxf6 25. exf6 Bf8 26. Qg4+ Kh8 27.
Bd4 Qc7 28. dxc4 dxc4 29. Nxc4 Bf5 30. Qh5 Rxd4 31. Rxd4 Nxc2 32. Nd6 Bg6
33. Qd1 Bxd6 34. Rxd6 Nxa1 35. Kh2 Qc3 36. h5 Bh7 37. Rd8+ Rxd8 38. Qxd8+
Bg8 39. Be4 Nxb3 40. Qe7 Nd2 41. Bg6 Nf3+ 42. Kg2 Ng5 43. g4 Qf3+ 44. Kg1
Nh3+ 45. Kh2 Nf4 0-1

[Event "Irish International Open 2019"]
[Site "Dublin IRL"]
[Date "2019.04.20"]
[Round "5.3"]
[White "Burg, Twan"]
[Black "Jackson, James P."]
[Result "1-0"]
[WhiteTitle "GM"]
[BlackTitle "FM"]
[WhiteElo "2519"]
[BlackElo "2388"]
[WhiteNationality "NED"]
[BlackNationality "ENG"]
[WhiteFideId "1010697"]
[BlackFideId "416860"]
[PlyCount "99"]
[EventDate "2019.04.17"]
[ICUid "50179"]
[HashCode "62fe9a4b"]

{ Event information: <a
href="http://www.irlchess.com/irishopen2019_allfiles/pairings_irishopen2019.html">Tournament
report</a>. }

1. e4 e5 2. Nf3 Nc6 3. Bb5 a6 4. Ba4 Nf6 5. O-O Be7 6. Re1 b5 7. Bb3 d6 8.
c3 O-O 9. h3 Bb7 10. d4 Re8 11. Nbd2 Bf8 12. Bc2 h6 13. a3 Nb8 14. b4 Nbd7
15. Bb2 exd4 16. cxd4 d5 17. e5 Ne4 18. Nxe4 dxe4 19. Bxe4 Bxe4 20. Rxe4
Nf6 21. Re1 Nd5 22. Nd2 a5 23. bxa5 Rxa5 24. Nf1 Qd7 25. Ne3 Rea8 26. Nc2
Ra4 27. Qf3 R8a6 28. Rad1 c6 29. Rd3 Qe6 30. Red1 Be7 31. Bc1 Nb6 32. Re1
Nd5 33. Bd2 Qg6 34. Rb1 Rc4 35. Rb2 Raa4 36. Qe2 Bg5 37. Nb4 Nxb4 38. Bxb4
Qe6 39. Rc2 Be7 40. Rxc4 bxc4 41. Rc3 Bxb4 42. Rxc4 Rxa3 43. Rxb4 Qf5 44.
Rc4 g6 45. Rxc6 Ra1+ 46. Kh2 Qf4+ 47. g3 Qxd4 48. e6 Qd5 49. exf7+ Qxf7 50.
Qc2 1-0

[Event "Irish International Open 2019"]
[Site "Dublin IRL"]
[Date "2019.04.20"]
[Round "5.4"]
[White "Hovhannisyan, Mher"]
[Black "Strikovic, Aleksa"]
[Result "1/2-1/2"]
[WhiteTitle "GM"]
[BlackTitle "GM"]
[WhiteElo "2462"]
[BlackElo "2493"]
[WhiteNationality "BEL"]
[BlackNationality "SRB"]
[WhiteFideId "13300865"]
[BlackFideId "900150"]
[PlyCount "24"]
[EventDate "2019.04.17"]
[BlackFullName "Strikovi&#263;, Aleksa"]
[ICUid "50180"]
[HashCode "180fd614"]

{ Event information: <a
href="http://www.irlchess.com/irishopen2019_allfiles/pairings_irishopen2019.html">Tournament
report</a>. }

1. Nf3 c5 2. c4 g6 3. Nc3 Bg7 4. g3 Nc6 5. Bg2 d6 6. O-O Rb8 7. d3 a6 8. a4
e6 9. e3 Nge7 10. d4 O-O 11. dxc5 dxc5 12. Qxd8 Rxd8 1/2-1/2

[Event "Irish International Open 2019"]
[Site "Dublin IRL"]
[Date "2019.04.20"]
[Round "5.5"]
[White "Thorfinnsson, Bjorn"]
[Black "Mihalik, Agoston"]
[Result "1-0"]
[WhiteTitle "IM"]
[WhiteElo "2399"]
[BlackElo "2203"]
[WhiteNationality "ISL"]
[BlackNationality "HUN"]
[WhiteFideId "2300982"]
[BlackFideId "719021"]
[PlyCount "69"]
[EventDate "2019.04.17"]
[WhiteFullName "&THORN;orfinnsson, Bj&ouml;rn"]
[ICUid "50181"]
[HashCode "467dbfd1"]

{ Event information: <a
href="http://www.irlchess.com/irishopen2019_allfiles/pairings_irishopen2019.html">Tournament
report</a>. }

1. c4 e5 2. g3 Nf6 3. Bg2 h6 4. Nc3 Bb4 5. Qc2 O-O 6. Nf3 Re8 7. O-O Nc6 8.
e3 Bxc3 9. bxc3 e4 10. Nd4 b6 11. f3 Bb7 12. Nf5 Ne5 13. fxe4 d6 14. d3 a5
15. Qe2 Ba6 16. Bd2 g6 17. Nxh6+ Kg7 18. Rxf6 Qxf6 19. Ng4 Nxg4 20. Qxg4
Qe6 21. Qe2 Rad8 22. Rf1 c6 23. c5 d5 24. c4 dxe4 25. Bc3+ Kg8 26. Ba1 exd3
27. Qb2 Qxe3+ 28. Kh1 Qe5 29. Qxe5 Rxe5 30. Bxe5 d2 31. Rd1 Bxc4 32. Bc3
bxc5 33. Rxd2 Rxd2 34. Bxd2 Bxa2 35. Bxc6 1-0

[Event "Irish International Open 2019"]
[Site "Dublin IRL"]
[Date "2019.04.20"]
[Round "5.6"]
[White "Menzies, Colin"]
[Black "Longson, Alexander"]
[Result "0-1"]
[BlackTitle "FM"]
[WhiteElo "2183"]
[BlackElo "2318"]
[WhiteNationality "IRL"]
[BlackNationality "ENG"]
[WhiteFideId "2502755"]
[BlackFideId "408093"]
[PlyCount "62"]
[EventDate "2019.04.17"]
[ICUid "50182"]
[HashCode "3dd716e7"]

{ Event information: <a
href="http://www.irlchess.com/irishopen2019_allfiles/pairings_irishopen2019.html">Tournament
report</a>. }

1. Nf3 d5 2. c4 e6 3. b3 Nf6 4. Bb2 Nbd7 5. e3 Bd6 6. Be2 O-O 7. Nc3 c6 8.
Qc2 a6 9. Rg1 b5 10. g4 bxc4 11. bxc4 Rb8 12. g5 Ne4 13. Nxe4 dxe4 14. Nd4
c5 15. Nb3 a5 16. h4 a4 17. Nc1 Rxb2 18. Qxb2 Be5 19. Qb1 Qc7 20. a3 Bxa1
21. Qxa1 Qh2 22. Rg3 Ba6 23. d3 f6 24. Bf1 fxg5 25. Rg2 Qxh4 26. Ne2 exd3
27. Nf4 Bxc4 28. Qc3 Bb3 29. Nxd3 h6 30. Nf4 Rf6 31. Qd3 Nf8 0-1

[Event "Irish International Open 2019"]
[Site "Dublin IRL"]
[Date "2019.04.20"]
[Round "5.7"]
[White "De Verdier, Michael"]
[Black "Han, Yichen"]
[Result "1-0"]
[WhiteTitle "FM"]
[WhiteElo "2306"]
[BlackElo "2190"]
[WhiteNationality "SWE"]
[BlackNationality "NED"]
[WhiteFideId "1710516"]
[BlackFideId "1054430"]
[PlyCount "101"]
[EventDate "2019.04.17"]
[WhiteFullName "de Verdier, Michael"]
[ICUid "50183"]
[HashCode "64f5729c"]

{ Event information: <a
href="http://www.irlchess.com/irishopen2019_allfiles/pairings_irishopen2019.html">Tournament
report</a>. }

1. Nf3 Nf6 2. c4 g6 3. g3 Bg7 4. Bg2 O-O 5. O-O d6 6. d4 Nc6 7. Nc3 a6 8.
b3 Bd7 9. Bb2 Na5 10. Qd2 c5 11. dxc5 dxc5 12. Ne5 Bc6 13. Qxd8 Rfxd8 14.
Nxc6 Nxc6 15. Rad1 Nd7 16. Bxc6 bxc6 17. Rd2 Bxc3 18. Bxc3 Nf6 19. f3 Rd7
20. Rxd7 Nxd7 21. Rd1 Ra7 22. Ba5 Rb7 23. Kf2 f6 24. Ke3 Kf7 25. Kd2 Nb6
26. Kc2 Ke8 27. g4 Rb8 28. h4 h6 29. Bd2 g5 30. f4 Kf7 31. hxg5 hxg5 32.
fxg5 Ke6 33. gxf6 Kxf6 34. Be3 Ke6 35. Bxc5 Nd7 36. Bd4 Rg8 37. Rg1 Rg6 38.
Kd3 Nf6 39. Bxf6 exf6 40. Kd4 Rg5 41. Rg3 Kd6 42. Ke4 Re5+ 43. Kd3 Rg5 44.
Rf3 Ke5 45. Rf5+ Rxf5 46. gxf5 c5 47. a3 a5 48. Kc3 Kxf5 49. b4 axb4+ 50.
axb4 cxb4+ 51. Kxb4 1-0

[Event "Irish International Open 2019"]
[Site "Dublin IRL"]
[Date "2019.04.20"]
[Round "5.8"]
[White "Li, Henry"]
[Black "McMorrow, John"]
[Result "1/2-1/2"]
[WhiteTitle "FM"]
[WhiteElo "2308"]
[BlackElo "2058"]
[WhiteICU "2235"]
[BlackICU "2067"]
[WhiteClub "Gonzaga"]
[BlackClub "Gonzaga"]
[WhiteNationality "IRL"]
[BlackNationality "IRL"]
[WhiteFideId "2508524"]
[BlackFideId "2501481"]
[PlyCount "80"]
[EventDate "2019.04.17"]
[ICUid "50184"]
[HashCode "4ded16b1"]

{ Event information: <a
href="http://www.irlchess.com/irishopen2019_allfiles/pairings_irishopen2019.html">Tournament
report</a>. }

1. e4 e5 2. Nf3 Nc6 3. Bb5 a6 4. Ba4 Nf6 5. O-O b5 6. Bb3 Be7 7. Re1 d6 8.
c3 O-O 9. h3 Nb8 10. d4 Nbd7 11. Nbd2 Bb7 12. Bc2 Re8 13. a4 c5 14. d5 Qc7
15. b3 bxa4 16. bxa4 a5 17. Bd3 Ba6 18. Bxa6 Rxa6 19. Qe2 Raa8 20. Nc4 Nb6
21. Na3 Reb8 22. Nb5 Qd7 23. c4 Ne8 24. Bd2 Nc7 25. Reb1 Bd8 26. Bc3 f6 27.
Nd2 Nxb5 28. axb5 a4 29. Ra3 Rb7 30. Rba1 Rba7 31. Nf3 g6 32. Bd2 Qg7 33.
Ne1 Kh8 34. Rc1 Rf7 35. Nd3 Rfa7 36. Nb2 f5 37. f3 f4 38. Rca1 h5 39. Be1
g5 40. g4 hxg4 1/2-1/2

[Event "Irish International Open 2019"]
[Site "Dublin IRL"]
[Date "2019.04.20"]
[Round "5.9"]
[White "Pulkkinen, Kari"]
[Black "Khairil, Muhd Khairil Asyraf"]
[Result "1-0"]
[WhiteTitle "FM"]
[WhiteElo "2265"]
[BlackElo "1522"]
[BlackICU "1626"]
[BlackClub "Galway"]
[WhiteNationality "FIN"]
[BlackNationality "MAS"]
[WhiteFideId "500712"]
[BlackFideId "5712467"]
[PlyCount "66"]
[EventDate "2019.04.17"]
[ICUid "50185"]
[HashCode "4363faf5"]

{ Event information: <a
href="http://www.irlchess.com/irishopen2019_allfiles/pairings_irishopen2019.html">Tournament
report</a>. }

1. e4 e5 2. Nf3 Nc6 3. Bb5 Nf6 4. d3 d6 5. c3 Be7 6. O-O a6 7. Ba4 O-O 8.
Re1 b5 9. Bb3 Na5 10. Bc2 c5 11. Nbd2 Nc6 12. a4 Be6 13. h3 Qb6 14. Ng5 Bd7
15. Nf1 b4 16. Ne3 Qb7 17. Nc4 h6 18. Nf3 Be6 19. Nfd2 Rfd8 20. a5 d5 21.
exd5 Nxd5 22. Nxe5 Nxe5 23. Rxe5 bxc3 24. bxc3 Nxc3 25. Qe1 Bf6 26. Rxe6
fxe6 27. Qxe6+ Kh8 28. d4 Qd7 29. Qc4 Qxd4 30. Qf7 Ne2+ 31. Kf1 Nxc1 32.
Ra3 Qxd2 33. Qg6 Qd1+ { Black's first three results were changed from wins
to losses, and he was not paired from round 6 onwards. } 1-0

[Event "Irish International Open 2019"]
[Site "Dublin IRL"]
[Date "2019.04.20"]
[Round "5.11"]
[White "Schmitz, Andreas Arnold"]
[Black "Brady, Stephen"]
[Result "0-1"]
[WhiteTitle "CM"]
[BlackTitle "FM"]
[WhiteElo "2003"]
[BlackElo "2301"]
[BlackICU "2278"]
[BlackClub "St. Benildus"]
[WhiteNationality "GER"]
[BlackNationality "IRL"]
[WhiteFideId "4609875"]
[BlackFideId "2500124"]
[PlyCount "110"]
[EventDate "2019.04.17"]
[ICUid "50187"]
[HashCode "6b443048"]

{ Event information: <a
href="http://www.irlchess.com/irishopen2019_allfiles/pairings_irishopen2019.html">Tournament
report</a>. }

1. e4 d5 2. exd5 Qxd5 3. Qf3 Nf6 4. Nc3 Qa5 5. b4 Qxb4 6. Rb1 Qg4 7. Qxg4
Nxg4 8. Nf3 e6 9. d4 Bd6 10. h3 Nf6 11. Bc4 Nbd7 12. Nb5 Nb6 13. Bd3 O-O
14. c4 Nbd7 15. c5 Bxc5 16. Nxc7 Rb8 17. dxc5 Nxc5 18. Be2 Bd7 19. Ba3 Nfe4
20. Ne5 Rfc8 21. Nxd7 Nxd7 22. Nb5 Ndf6 23. Bd3 Rd8 24. Bxe4 Nxe4 25. f3
Ng3 26. Rg1 Nf5 27. g4 Ne3 28. Kf2 Nc4 29. Bc1 Rd3 30. Rb3 Rd7 31. Re1 h6
32. Re4 Na5 33. Ra3 b6 34. Rd4 Rxd4 35. Nxd4 Rc8 36. Bd2 Nc4 37. Rc3 e5 38.
Nb5 Rc5 39. Nxa7 Nxd2 40. Rxc5 bxc5 41. Ke2 Nc4 42. Kd3 Nb6 43. Nb5 Kf8 44.
Nc3 Ke7 45. a4 c4+ 46. Ke4 Ke6 47. a5 Nd7 48. f4 Nc5+ 49. Ke3 f5 50. fxe5
fxg4 51. hxg4 Kxe5 52. Ne4 Nxe4 53. a6 c3 54. a7 c2 55. a8=Q c1=Q+ 0-1

[Event "Irish International Open 2019"]
[Site "Dublin IRL"]
[Date "2019.04.20"]
[Round "5.12"]
[White "Epishin, Vladimir"]
[Black "Reprun, Nadejda"]
[Result "1/2-1/2"]
[WhiteTitle "GM"]
[WhiteElo "2568"]
[BlackElo "1995"]
[WhiteNationality "RUS"]
[BlackNationality "ISR"]
[WhiteFideId "4162714"]
[BlackFideId "2806843"]
[PlyCount "156"]
[EventDate "2019.04.17"]
[ICUid "50188"]
[HashCode "9c716c15"]

{ Event information: <a
href="http://www.irlchess.com/irishopen2019_allfiles/pairings_irishopen2019.html">Tournament
report</a>. }

1. c4 c6 2. Nc3 d5 3. d4 Nf6 4. e3 e6 5. Nf3 Nbd7 6. a3 Bd6 7. g4 Ne4 8. h4
Nxc3 9. bxc3 b6 10. g5 Bb7 11. cxd5 cxd5 12. h5 Be7 13. Rg1 g6 14. Bd2 gxh5
15. Bd3 h4 16. Qb1 h3 17. Ke2 h2 18. Nxh2 Bxg5 19. Nf3 Bf6 20. a4 Qc7 21.
a5 bxa5 22. Qb5 Bc6 23. Qxa5 Qxa5 24. Rxa5 h5 25. Rga1 h4 26. Ra6 Rc8 27.
Rxa7 h3 28. Rh1 Rb8 29. Ng1 h2 30. Nf3 e5 31. Rc7 Ba4 32. Ra7 Bc6 33. dxe5
Nxe5 34. Ra6 Nxf3 35. Rxc6 Nxd2 36. Kxd2 Rb2+ 37. Bc2 Ke7 38. Kd3 Rh3 39.
Rc7+ Ke6 40. Rc8 Ra2 41. Re8+ Kd7 42. Rb8 Ra3 43. Bb3 Kc7 44. Rf8 Rh7 45.
Bxd5 Bxc3 46. Ke2 f6 47. Rb1 Kd6 48. Rd8+ Rd7 49. Rxd7+ Kxd7 50. Rh1 Kd6
51. Bc4 Kc5 52. Bf7 Ra7 53. Be6 Rh7 54. f4 Kd6 55. Bf5 Rh8 56. Kf3 Ke7 57.
Bg6 Rh3+ 58. Kg4 Rh8 59. Be4 Bd2 60. Bg2 Kf7 61. Kf3 Bb4 62. Rb1 Be7 63.
Kg3 Bc5 64. e4 Bg1 65. Bh1 Rd8 66. Kg4 Rd7 67. Kf5 Ra7 68. Rd1 Ra5+ 69. e5
fxe5 70. fxe5 Ra7 71. Rd6 Ra1 72. Bd5+ Ke7 73. Re6+ Kd8 74. Rh6 Ra5 75. Be4
Bf2 76. Rxh2 Rxe5+ 77. Kf4 Bg3+ 78. Kxg3 Rxe4 1/2-1/2

[Event "Irish International Open 2019"]
[Site "Dublin IRL"]
[Date "2019.04.20"]
[Round "5.16"]
[White "Phelan, Leo"]
[Black "Melaugh, Shane"]
[Result "0-1"]
[WhiteElo "1708"]
[BlackElo "2105"]
[WhiteICU "1670"]
[BlackICU "2091"]
[WhiteClub "Gonzaga"]
[BlackClub "Elm Mount"]
[WhiteNationality "IRL"]
[BlackNationality "IRL"]
[WhiteFideId "2511428"]
[BlackFideId "2509580"]
[PlyCount "62"]
[EventDate "2019.04.17"]
[ICUid "50192"]
[HashCode "3c060cdb"]

{ Event information: <a
href="http://www.irlchess.com/irishopen2019_allfiles/pairings_irishopen2019.html">Tournament
report</a>. }

1. e4 c5 2. Nf3 e6 3. d4 cxd4 4. Nxd4 a6 5. c4 Qc7 6. Nc3 Nf6 7. a3 Nc6 8.
Be3 Be7 9. Be2 O-O 10. O-O Rd8 11. f4 d5 12. e5 dxc4 13. Nxc6 Rxd1 14.
Nxe7+ Qxe7 15. Raxd1 Ne8 16. Bxc4 b5 17. Ba2 g6 18. Rd2 Bb7 19. Rfd1 Bc6
20. Bb6 Qb7 21. Bc5 a5 22. b4 h5 23. Bb1 axb4 24. Bxb4 Qa7+ 25. Kh1 Qe3 26.
Rd4 f5 27. exf6 Nxf6 28. Ba2 Ng4 29. Rd8+ Rxd8 30. Rxd8+ Kh7 31. Nd1 Qxf4
0-1

[Event "Irish International Open 2019"]
[Site "Dublin IRL"]
[Date "2019.04.20"]
[Round "5.17"]
[White "Doyle, Hugh"]
[Black "Jocius, Donatas"]
[Result "1-0"]
[WhiteElo "2042"]
[BlackElo "1773"]
[WhiteICU "2042"]
[BlackICU "1664"]
[WhiteClub "Cork"]
[BlackClub "Rathmines"]
[WhiteNationality "IRL"]
[BlackNationality "IRL"]
[WhiteFideId "2500876"]
[BlackFideId "2509032"]
[PlyCount "95"]
[EventDate "2019.04.17"]
[ICUid "50193"]
[HashCode "65031f8e"]

{ Event information: <a
href="http://www.irlchess.com/irishopen2019_allfiles/pairings_irishopen2019.html">Tournament
report</a>. }

1. Nf3 d5 2. c4 e6 3. g3 c6 4. Bg2 f5 5. O-O Nf6 6. d3 Bd6 7. Nc3 O-O 8. e4
fxe4 9. dxe4 dxe4 10. Ng5 e5 11. Ncxe4 Be7 12. Qc2 Bf5 13. Rd1 Nfd7 14. Bh3
Bxg5 15. Bxf5 Bxc1 16. Bxh7+ Kh8 17. Raxc1 Qe7 18. Rd2 Na6 19. h4 Nf6 20.
Nxf6 Rxf6 21. Be4 Raf8 22. Re1 Nc5 23. Bg2 Nd7 24. Qd1 R8f7 25. Bh3 Nf8 26.
Qh5+ Kg8 27. Qxe5 Qb4 28. Qc3 Qc5 29. Ree2 Rf3 30. Qd4 Qa5 31. b3 Qc7 32.
Kg2 c5 33. Qd8 Qc6 34. Kh2 b6 35. Bg2 g6 36. Bxf3 Qxf3 37. Qd5 Qf6 38. Re8
Kh7 39. Qe5 Qf3 40. Re7 Kg8 41. Rxf7 Qxf7 42. Qd5 Ne6 43. Re2 Nd4 44. Re8+
Kg7 45. Qxf7+ Kxf7 46. Ra8 Nc6 47. Rc8 Nb4 48. Rc7+ 1-0